LIBRARY & INFORMATION CENTRE, KCAET, TAVANUR

ONLINE PUBLIC ACCESS CATALOGUE (OPAC)

Science and religion (Record no. 13040)

MARC details
000 -LEADER
fixed length control field 00338cam a2200145ua 4500
041 ## - LANGUAGE CODE
Language code of text/sound track or separate title eng
082 ## - DEWEY DECIMAL CLASSIFICATION NUMBER
Classification number 291.175
Item number SCH/SC
100 ## - MAIN ENTRY--AUTHOR NAME
Personal name Schilling, Harold K .
245 ## - TITLE STATEMENT
Title Science and religion
260 ## - PUBLICATION, DISTRIBUTION, ETC. (IMPRINT)
Place of publication Newdelhi :
Name of publisher A P C Publications pvt Ltd ,
Year of publication 1985.
300 ## - PHYSICAL DESCRIPTION
Number of Pages ;
Accompanying material `.
942 ## - ADDED ENTRY ELEMENTS (KOHA)
Koha item type Books
Holdings
Withdrawn status Lost status Damaged status Home library Current library Date acquired Full call number Accession Number Koha item type Public note
Withdrawn     KAUAET KAUAET 07/04/2012 291.175 3987 Books Deleted
free website counter